Five Major Landmarks by City #1 - Statistics

General Stats
  • This quiz has been taken 485 times
  • The average score is 16 of 30
Answer Stats
City Clue Landmark % Correct
London Famous clocktower Big Ben
98%
London Home of the UK's royal family Buckingham Palace
94%
Washington, DC The US President's dwelling White House
94%
London Tallest Ferris wheel in Euope London Eye
91%
New York Copper statue given from France Statue of Liberty
89%
New York Urban park in Manhattan Central Park
88%
Berlin 1960's landmark dividing Berlin Berlin Wall
87%
Sydney Multi-venue performing arts center Sydney Opera House
83%
Rome The Flavian Amphitheatre Colosseum
80%
Washington, DC Site commemorating president Abe Lincoln Memorial
71%
Berlin 1700's site of a former city-gate Brandenburg Gate
64%
London Sqare built around Charing Cross Trafalgar Square
61%
Rome Michelangelo painted this building's ceiling Sistine Chapel
60%
Washington, DC Site commemorating president George Washington Monument
58%
London "Clown place" road juction Piccadilly Circus
57%
New York Tallest building in North America One World Trade Center
56%
Washington, DC Building sitting on Capitol Hill United States Capitol
55%
Rome Ancient temple built for emperors Pantheon
46%
Rome Papal church in the Vatican City St. Peter's Basilica
43%
Sydney Popular beach surrounding Sydney Bondi Beach
41%
Rome Monumental 135-step stairway Spanish Steps
40%
New York 9/11 Memorial site Ground Zero
39%
Sydney Bridge that crosses Port Jackson Harbour Bridge
34%
New York Famous commerial neighborhood Times Square
29%
Berlin Symbol dividing Berlin Checkpoint Charlie
24%
Washington, DC Water adjacent to the Lincoln Memorial Reflecting Pool
24%
Sydney Tallest observation tower in Australia Sydney Tower
10%
Berlin UNESCO Site in the Spree River Museum Island
8%
Sydney Urban locality in the center of Sydney The Rocks
7%
Berlin 1860's Neue Jewish temple New Synagogue
3%
No matching quizzes found
Score Distribution
Percent of People with Each Score
Percentile by Number Answered
Your Score History
You have not taken this quiz